000 00482nam a2200205Ia 4500
001 11766
003 GE_BSU
008 181216s||||||||xx |||||||||||||| ||und||
020 _a9780061894596
040 _cGE_BSU
080 _a821.111-312.4
100 _aSands,Lynsay
245 4 _aThe Reluctant Vampire an Argeneau Novel
260 _aNew York
260 _bAvon
260 _c2011
300 _a365p.17cm.
653 _aThe Reluctant Vampire an Argeneau Novel
942 _cBK
999 _c44945
_d44945